Southville International School and Colleges
Your cart is empty.
  • Cart
  • Lists
    Public lists Eva Luna New books Lux_list list_1
    Your lists Log in to create your own lists
  • Log in to your account
  • Your cookies
  • Search history
Southville International School and Colleges
  • Advanced search
  • Recent comments
  • Most popular
  • Libraries

Log in to your account

Log in with GOOGLE


If you do not have an external account, but do have a local account, you can still log in:

  1. Home
  2. MARC view: Nanny goat's boat :
Normal view MARC view ISBD view

Nanny goat's boat : (Record no. 102147)

[ view plain ]
MARC details
000 -LEADER
fixed length control field 00560nam a2200181 a 4500
005 - DATE AND TIME OF LATEST TRANSACTION
control field 20140412111230.0
008 - FIXED-LENGTH DATA ELEMENTS--GENERAL INFORMATION
fixed length control field 020412s19uu xx 00 eng d
020 ## - INTERNATIONAL STANDARD BOOK NUMBER
International Standard Book Number 0-89565-693-0
050 ## - LIBRARY OF CONGRESS CALL NUMBER
Classification number TR(PS E
Item number Na11 1988
100 ## - MAIN ENTRY--PERSONAL NAME
Personal name Moncure, Jane Belk
245 ## - TITLE STATEMENT
Title Nanny goat's boat :
Remainder of title a book of rhyming /
Statement of responsibility, etc by Jane Belk Moncure; illustrated by Joy Friedman.
260 ## - PUBLICATION, DISTRIBUTION, ETC. (IMPRINT)
Place of publication, distribution, etc Mankato, Minnesota :
Name of publisher, distributor, etc The Child's World Inc,
Date of publication, distribution, etc 1988.
300 ## - PHYSICAL DESCRIPTION
Extent 30 p. ; ill.
440 ## - SERIES STATEMENT/ADDED ENTRY--TITLE
Title Magic Castle Readers
650 ## - SUBJECT ADDED ENTRY--TOPICAL TERM
Topical term or geographic name as entry element Rhymes
650 ## - SUBJECT ADDED ENTRY--TOPICAL TERM
Topical term or geographic name as entry element Children stories
Holdings
Withdrawn status Lost status Damaged status Use restrictions Home library Current library Shelving location Date acquired Source of acquisition Total Checkouts Full call number Barcode Date last seen Price effective from Koha item type
        Elizalde Library Elizalde Library Teachers Reference Section 04/12/2002     TR(PS E Na11 1988 E0630 04/12/2014 04/12/2014 Books

Nanny goat's boat :

APA

Moncure J. B., . (1988). Nanny goat's boat. Mankato, Minnesota: The Child's World Inc.

Chicago

Moncure Jane Belk, . 1988. Nanny goat's boat. Mankato, Minnesota: The Child's World Inc.

Harvard

Moncure J. B., . (1988). Nanny goat's boat. Mankato, Minnesota: The Child's World Inc.

MLA

Moncure Jane Belk, . Nanny goat's boat. Mankato, Minnesota: The Child's World Inc. 1988.

  • Place hold
  • Print
  • Cite
  • Add to your cart (remove)
  • Save record
    BIBTEX Dublin Core MARCXML MARC (non-Unicode/MARC-8) MARC (Unicode/UTF-8) MARC (Unicode/UTF-8, Standard) MODS (XML) RIS
  • More searches
    Search for this title in:
    Other Libraries (WorldCat) Other Databases (Google Scholar) Online Stores (Bookfinder.com) Open Library (openlibrary.org)

Exporting to Dublin Core...

SOUTHVILLE LIBRARY

Southville International School and Colleges Library

1281 Tropical Ave. Cor. Luxembourg St., BF Homes International, Las Pinas City

Tel. No. 8256374 / 252358 Loc. 117/146

Powered by Koha